000 00239nam a22000977a 4500
040 _cRUA
082 _aADB NOV 2003 C227 Or.
245 _aNEPAL Commercial Agriculture Development Project.
260 _aphnom penh
_brua
_c2003
942 _cAEDBB
999 _c21330
_d21330